00741nam a2200193Ia 4500008004100000041000800041082001600049100002800065245007500093250001200168260003700180300000900217500005200226500003100278650002400309700004200333999001700375952015500392230125s9999 xx 000 0 und d aeng a004.21bPAR aParthasarathy S9113095 aSystem Analysis Design And Introduction To Software EngineeringbSADSE a5th Ed. c1999bMaster publicationaNashik a432p aSystem analysis and design,Software engineering aSystem analysis and design aComputer Management aParthasarathy S & Khalkar B W9113096 c90127d90127 02104070aHIMRbHIMRd2001-06-14eMaster education cong190.00o004.21 PAR B02560pHIMR-BK-2560r2023-01-25 00:00:00v190.00w2001-06-14yBKzB02560